ბათუმის შოთა რუსთაველის სახელმწიფო უნივერსიტეტის ბიბლიოთეკა

საქართველო ბოროტების იმპერიის 500-წლოვან მარწუხებში. (ბიბ.ჩანაწერი № 36477)

000 -LEADER
fixed length control field 00844nam a2200217Ia 4500
001 - CONTROL NUMBER
control field 2394
003 - CONTROL NUMBER IDENTIFIER
control field GE_BSU
008 - FIXED-LENGTH DATA ELEMENTS--GENERAL INFORMATION
fixed length control field 181216s||||||||xx |||||||||||||| ||und||
040 ## - CATALOGING SOURCE
Transcribing agency GE_BSU
080 ## - UNIVERSAL DECIMAL CLASSIFICATION NUMBER
Universal Decimal Classification number 327.2(470:479.22)+94(470:479.22)
100 ## - MAIN ENTRY--PERSONAL NAME
Personal name მჭედლიშვილი,მიხეილ
245 ## - TITLE STATEMENT
Title საქართველო ბოროტების იმპერიის 500-წლოვან მარწუხებში.
245 ## - TITLE STATEMENT
Statement of responsibility, etc. რედ. მ.ასათიანი
260 ## - PUBLICATION, DISTRIBUTION, ETC.
Place of publication, distribution, etc. თბილისი
260 ## - PUBLICATION, DISTRIBUTION, ETC.
Name of publisher, distributor, etc. ეროვნული მწერლობა
260 ## - PUBLICATION, DISTRIBUTION, ETC.
Date of publication, distribution, etc. 2004
300 ## - PHYSICAL DESCRIPTION
Extent 207გვ.
653 ## - INDEX TERM--UNCONTROLLED
Uncontrolled term საქართველო ბოროტების იმპერიის 500-წლოვან მარწუხებში
942 ## - ADDED ENTRY ELEMENTS (KOHA)
Koha item type წიგნი
ეგზემპლარები
Withdrawn status Lost status Damaged status Not for loan Date acquired Barcode Date last seen Price effective from Koha item type
        2018-12-17 1217 2018-12-17 2018-12-17 წიგნი